000 00735cam a2200229 a 4500
001 653554
005 20180126072641.0
008 940708s1995 fluab b 001 0 eng
010 _a 94029388
020 _a0873716973 (acidfree paper)
040 _aDLC
_cDLC
_dDLC
041 _aeng
080 _a628.55 ALL
082 0 0 _a628.55 ALL
_220
100 _a27
101 _aIM
245 0 0 _aMetal speciation and contamination of soil /
_cedited by Herbert E. Allen ... [et al.].
504 _aIncludes bibliographical references and index.
906 _a7
_bcbc
_corignew
_d1
_eocip
_f19
_gy-gencatlg
942 _2ddc
_cBK
999 _c40986
_d40986